000 00600nam a2200241Ia 4500
003 OSt
005 20221005131235.0
006 a|||||r|||| 00| 0
007 ta
008 221004b |||||||| |||| 00| 0 eng d
024 _a70158
037 _cTextual
040 _aCRL
_cCRL
_beng
041 _2eng
_aeng
082 _aY115, G8
100 _aLangdon Davies John
_9348124
245 0 _aShort history of women
260 _c1938
490 _aThinker's libray, no. 72
650 _aSOCIOLOGY
942 _hY115, G8
_cTEXL
_2cc
999 _c1059728
_d1059728